Sports Quiz

Random Sports or Country Quiz

Premier League Nationalities Quiz Stats

 Plays Quiz Updated Aug 19, 2020

Support Sporcle.
Go Orange.
Score 0/123 Timer 10:00
31 Plays Today
Season Country % Correct
1992-93England
96.7%
1992-93France
94.5%
1992-93Ireland
93.4%
1998-99Spain
93.3%
1992-93United States
92.4%
1992-93Germany
92%
1992-93Scotland
91.8%
1995-96Brazil
91.7%
1992-93Wales
90.7%
1998-99Argentina
90.4%
1995-96West Germany
90%
1993-94East Germany
90%
1992-93Russia
89.3%
1995-96Portugal
88.9%
1995-96Italy
88.3%
1992-93Sweden
88.2%
1992-93Soviet Union
87.6%
1992-93Commonwealth of Independent States
87.3%
2002-03Japan
86.4%
1992-93Canada
86.3%
2002-03China
86.1%
1992-93Australia
85.9%
2005-06Mexico
84.9%
1992-93Norway
84.2%
1994-95Netherlands
84.2%
1994-95South Africa
83.2%
1992-93Denmark
82.8%
1994-95Belgium
82.6%
2005-06Korea Republic
82%
2004-05Egypt
81.4%
1995-96Finland
81%
1992-93Northern Ireland
79.7%
2000-01New Zealand
79.4%
1998-99Chile
79.1%
1993-94Nigeria
76.1%
1992-93Poland
75.9%
1992-93Iceland
75.5%
1994-95Switzerland
74.8%
1997-98Austria
74.4%
1994-95Uruguay
74%
1996-97Greece
73.7%
Season Country % Correct
1995-96Federal Republic of Yugoslavia
73.2%
1995-96Socialist Federal Republic of Yugoslavia
73.2%
1998-99Peru
71.8%
1995-96Colombia
71.3%
1995-96Croatia
71%
1998-99Cote d'Ivoire
71%
1992-93Czechia
70.8%
1995-96Serbia and Montenegro
70.4%
1996-97Slovakia
70%
1996-97Turkey
70%
1992-93Czechoslovakia
69.2%
1996-97Ukraine
69%
1995-96Serbia
68.7%
1998-99Morocco
67.7%
1997-98Algeria
67.2%
1997-98Slovenia
66.8%
1994-95Ghana
66.7%
1999-00Paraguay
66.7%
1992-93Jamaica
66.1%
1992-93Hungary
64.1%
2000-01Iran
63.5%
1992-93Bulgaria
62.9%
1998-99Latvia
62.4%
1994-95Romania
61.6%
2002-03Senegal
61.1%
1998-99Cameroon
60.7%
1996-97Estonia
60.5%
1998-99Bosnia and Herzegovina
60%
2013-14Venezuela
58.1%
1995-96Bolivia
58%
2001-02Ecuador
58%
2000-01Lithuania
57%
1996-97Costa Rica
54.8%
1999-00Zaire
54.5%
2005-06Belarus
54.1%
1999-00Honduras
54.1%
1999-00Democratic Republic of Congo
53.6%
1992-93Israel
53.6%
1992-93Trinidad and Tobago
53.5%
2004-05Tunisia
53.4%
2003-04Togo
53.4%
Season Country % Correct
2009-10Albania
52.5%
2019-20Cuba
52%
2013-14Kenya
51.6%
2011-12Montenegro
48.1%
2006-07Republic of Congo
47.6%
1997-98North Macedonia
46.8%
1992-93Zimbabwe
46.1%
1992-93Rhodesia
45.3%
1993-94Cyprus
44.8%
1999-00Mali
44.6%
2016-17Armenia
43.3%
2014-15Kosovo
42.7%
1995-96Georgia
40.5%
2008-09Angola
37.7%
2003-04Pakistan
37.6%
2008-09Gabon
35.3%
1997-98Liberia
33.3%
2019-20Tanzania
33.2%
2005-06Zambia
33.1%
1998-99Guinea
33%
2007-08Oman
29.6%
1995-96Barbados
27.9%
2010-11Benin
27.9%
1996-97Guyana
27%
2014-15Gambia
24.9%
2006-07Sierra Leone
22.9%
2018-19Philippines
22.8%
2015-16Burkina Faso
21.9%
1992-93Saint Kitts and Nevis
17.1%
2002-03Grenada
16.5%
2004-05Antigua and Barbuda
15.9%
2008-09Cabo Verde
15.6%
2009-10Faroe Islands
15.4%
2011-12Burundi
14.8%
2016-17Equatorial Guinea
13.8%
1997-98Bermuda
12.9%
2009-10Central African Republic
11.2%
2001-02Seychelles
9.4%
2008-09Netherlands Antilles
6.8%
2008-09Curaçao
6.4%
1992-93Montserrat
5.5%

You're not logged in!

Compare scores with friends on all Sporcle quizzes.
OR
Log In
Forgot?

From the Vault

Closest Countries to Hawaii

by Balaitous

How many people will guess 'USA' first?
Remove Ads.
Support Sporcle.
Get the best of Sporcle when you Go Orange. This ad-free experience offers more features, more stats, and more fun while also helping to support Sporcle. Thank you for becoming a member.

Show Comments

Extras

Top Quizzes Today


Score Distribution

Your Account Isn't Verified!

In order to create a playlist on Sporcle, you need to verify the email address you used during registration. Go to your Sporcle Settings to finish the process.

Report this User

Report this user for behavior that violates our Community Guidelines.

Details: